00371 a2200133 450000500170000000800410001702000230005804000140008108200170009510000190011224500420013126000400017330000240021320250723113306.0240125b sa ||||| |||| 00| 0 eng d a9781770099401qpbk aRDAc3228 aNSO JF ORFO aOrford, Margie aKgogo ye Nnyane ya Sethole ye Khubedu aAuckland park;bJacana media,c2016 a[unnumbered]c25 cm